• 首页
  • 本馆介绍
  • 公告通知
  • 最新文献
  • 馆藏检索
  • 电子资源
  • 读者导购
  • 参考咨询
  • 我的图书馆
  • 登录
  • 详细信息显示
  • 放入我的书架
  • 预约/预借图书
  • 作者相关作品
  • 分类相关作品
  • 丛书相关作品
  • 出版社相关作品

书目信息

  • 表格格式
  • 工作单格式
  • 卡片格式
题名:
英汉双解多媒体词典
    
 
作者: 科林 , Collin 编著 ;张文旭 , 李海琴 译
分册:  
出版信息: 北京   世界图书出版公司北京分公司  2000.04
页数: 311页
开本: 19cm
丛书名: 世图北京公司英汉双解工具书系列
单 册:
中图分类: TP391-61
科图分类: 73.879072
主题词: 多媒体--双解词典--英、中
电子资源:
ISBN: 7-5062-3105-0
000 00985cam2 2200289 45
001 0198029064
005 20070605150445.17
010    @a7-5062-3105-0@b精装@dCNY23.00
100    @a19980526d2000 em y0chiy0121 ea
101 2  @achi@aeng
102    @aCN@b110000
105    @ay e 000yy
200 1  @a英汉双解多媒体词典@AYing Han Shuang Jie Duo Mei Ti Ci Dian@f(英)S.M.H.科林(S.M.H.Collin)编著@F( Ying )S.M.H. Ke Lin (S.M.H.Collin) Bian Zhu@g张文旭,李海琴译
210    @a北京@c世界图书出版公司北京分公司@d2000.04
215    @a311页@d19cm
225 2  @a世图北京公司英汉双解工具书系列
410  0 @120010@a世图北京公司英汉双解工具书系列
606    @a多媒体@x双解词典@x英、中
690    @aTP391-61@v4
692    @a73.879072@v2
701  1 @a科林@AKe Lin@9ke lin@bS.M.H.@4编著
701 A1 @aCollin@bS.M.H.@4编著
702  0 @a张文旭@AZhang Wen Xu@4译
702  0 @a李海琴@ALi Hai Qin@4译
801  0 @aCN@bNLC@c20070605
905    @aBZT@dTP391-61@e1
906    @dCNY23.00@n0@r1
    
    英汉双解多媒体词典/(英)S.M.H.科林(S.M.H.Collin)编著/张文旭,李海琴译.-北京:世界图书出版公司北京分公司,2000.04
    311页;19cm.-(世图北京公司英汉双解工具书系列)
    
    
    ISBN 7-5062-3105-0(精装):CNY23.00
    
●
相关链接 在五车中查询图书 在当当中查询图书 在豆瓣中查询图书


正题名:英汉双解多媒体词典     索取号:TP391-61/1         预约/预借

序号 登录号 条形码 馆藏地/架位号 状态 备注
1 541529   230134347   中心书库中库/ 中库027架A面7列5层9/ [索取号:TP391-61/1] 在馆    
2 541530   230134346   中心书库中库/ 中库027架A面7列5层12/ [索取号:TP391-61/1] 在馆    
3 541531   230134345   中心书库中库/ 中库027架A面7列5层8/ [索取号:TP391-61/1] 在馆    
4 541532   230134344   中心书库中库/ 中库027架A面7列5层11/ [索取号:TP391-61/1] 在馆    
5 541533   230134343   中心书库中库/ 中库027架A面7列5层10/ [索取号:TP391-61/1] 在馆    
山东省滨州职业学院图书馆 欢迎您!
大连网信软件有限公司© 版权所有